[Event "IM Not A GM Speed Chess"]
[Site "Chess.com INT"]
[Date "2020.04.30"]
[Round "2.18"]
[White "Coleman, Teddy"]
[Black "Rozman, Levy"]
[Result "1-0"]
[WhiteElo "2333"]
[BlackElo "2343"]
[PlyCount "57"]
[EventDate "2020.04.18"]
[EventType "k.o. (blitz)"]
[EventRounds "4"]
[EventCountry "USA"]
[SourceTitle "CBM 196 Extra"]
[Source "ChessBase"]
[SourceDate "2020.07.31"]
[SourceVersion "1"]
[SourceVersionDate "2020.07.31"]
[SourceQuality "1"]

1. d4 Nf6 2. c4 b6 3. Nc3 Bb7 4. Qc2 d5 5. Nf3 e6 6. cxd5 exd5 7. Bg5 Be7 8. e3 h6 9. Bh4 0-0 10. Bd3 Ne4 11. Bxe7 Qxe7 12. Rc1 Nxc3 13. Qxc3 c6 14. 0-0 Nd7 15. b4 Qd6 16. Bb1 Rac8 17. a3 f5 18. g3 c5 19. bxc5 bxc5 20. dxc5 Nxc5 21. Ba2 Ne4 22. Qd4 Rcd8 23. Rfd1 Kh7 24. Rc2 Qxa3 25. Rc7 Nf6 26. Bb1 Bc8 27. Rxa7 Qd6 28. Nh4 Ne4 29. Qxg7# 1-0

[Event "IM Not A GM Speed Chess"]
[Site "Chess.com INT"]
[Date "2020.04.30"]
[Round "2.13"]
[White "Rozman, Levy"]
[Black "Coleman, Teddy"]
[Result "0-1"]
[WhiteElo "2343"]
[BlackElo "2333"]
[PlyCount "86"]
[EventDate "2020.04.18"]
[EventType "k.o. (blitz)"]
[EventRounds "4"]
[EventCountry "USA"]
[SourceTitle "CBM 196 Extra"]
[Source "ChessBase"]
[SourceDate "2020.07.31"]
[SourceVersion "1"]
[SourceVersionDate "2020.07.31"]
[SourceQuality "1"]

1. e4 e5 2. Nc3 Nc6 3. Bc4 Nf6 4. d3 Na5 5. Qf3 Nxc4 6. dxc4 d6 7. h3 Be6 8. b3 c6 9. Qg3 Be7 10. Bb2 g5 11. 0-0-0 Qc7 12. Nge2 0-0-0 13. Qe3 Kb8 14. g4 h5 15. f3 h4 16. Rd2 Nd7 17. Rhd1 f6 18. Ba3 Nb6 19. c5 dxc5 20. Bxc5 Bxc5 21. Qxc5 Nc8 22. Kb2 b6 23. Qe3 Rd6 24. Nc1 Rhd8 25. Nd3 Bf7 26. Nb4 Kb7 27. Qe2 Rxd2 28. Rxd2 Rxd2 29. Qxd2 a5 30. Nd3 Qd6 31. Ne2 Ne7 32. Qe3 Ng6 33. Kb1 a4 34. Kb2 axb3 35. axb3 Nf8 36. Nc3 Ne6 37. Ne2 Be8 38. c3 Bd7 39. Nb4 Nc5 40. Nc1 Be6 41. Ncd3 Nxb3 42. Qe1 Na5 43. Qa1 Bc4 0-1

[Event "IM Not A GM Speed Chess"]
[Site "Chess.com INT"]
[Date "2020.04.30"]
[Round "2.19"]
[White "Rozman, Levy"]
[Black "Coleman, Teddy"]
[Result "0-1"]
[WhiteElo "2343"]
[BlackElo "2333"]
[PlyCount "108"]
[EventDate "2020.04.18"]
[EventType "k.o. (blitz)"]
[EventRounds "4"]
[EventCountry "USA"]
[SourceTitle "CBM 196 Extra"]
[Source "ChessBase"]
[SourceDate "2020.07.31"]
[SourceVersion "1"]
[SourceVersionDate "2020.07.31"]
[SourceQuality "1"]

1. c4 e6 2. Nc3 d5 3. d4 c6 4. Nf3 Nf6 5. g3 dxc4 6. Bg2 b5 7. 0-0 Bb7 8. b3 b4 9. Na4 c3 10. Bg5 a5 11. Ne5 Be7 12. Bxf6 gxf6 13. Nc4 Nd7 14. e3 Qc7 15. Qh5 f5 16. a3 c5 17. Bxb7 Qxb7 18. dxc5 Nxc5 19. axb4 Nxb3 20. Nc5 Bxc5 21. bxc5 Qe7 22. Nd6+ Kf8 23. Ra3 Nxc5 24. Qh6+ Kg8 25. Nc4 Ne4 26. f3 Qf6 27. Qxf6 Nxf6 28. Nxa5 Kg7 29. Rc1 Rhc8 30. Raa1 Nd5 31. Kf2 Nb4 32. Ke2 Rc5 33. Nb3 Rxa1 34. Nxa1 Rc4 35. Nb3 c2 36. Nd2 Rc3 37. Nf1 Kf6 38. Kd2 Ra3 39. e4 Rd3+ 40. Ke2 fxe4 41. fxe4 Ra3 42. Ne3 Rc3 43. Ng4+ Kg5 44. Ne3 h5 45. h4+ Kf6 46. Rf1+ Ke5 47. Rc1 Kxe4 48. Nf1 Na2 49. Nd2+ Kf5 50. Rxc2 Rxc2 51. Ke3 Nb4 52. Nf3 Rc3+ 53. Kf2 Rxf3+ 54. Kxf3 Nd5 0-1

[Event "IM Not A GM Speed Chess"]
[Site "Chess.com INT"]
[Date "2020.04.25"]
[Round "1.9"]
[White "Coleman, Teddy"]
[Black "Rensch, Daniel"]
[Result "1-0"]
[WhiteElo "2333"]
[BlackElo "2402"]
[PlyCount "65"]
[EventDate "2020.04.18"]
[EventType "k.o. (blitz)"]
[EventRounds "4"]
[EventCountry "USA"]
[SourceTitle "CBM 195 Extra"]
[Source "ChessBase"]
[SourceDate "2020.05.31"]
[SourceVersion "1"]
[SourceVersionDate "2020.05.31"]
[SourceQuality "1"]

1. c4 e5 2. Nc3 Nc6 3. Nf3 Nf6 4. e3 Be7 5. a3 a5 6. b3 0-0 7. Bb2 d5 8. d4 dxc4 9. Bxc4 exd4 10. Nxd4 Nxd4 11. Qxd4 Qxd4 12. exd4 c6 13. d5 cxd5 14. Nxd5 Nxd5 15. Bxd5 Rd8 16. Rd1 Bg4 17. f3 Bf5 18. Kf2 Bc5+ 19. Kg3 Rd6 20. Bxb7 Rb8 21. Bd5 Rg6+ 22. Kf4 Bc2 23. Rd2 Bd6+ 24. Ke3 Re8+ 25. Kf2 Bc5+ 26. Bd4 Bxd4+ 27. Rxd4 Rb6 28. b4 axb4 29. axb4 Reb8 30. Rc1 Bf5 31. Rc7 Rxb4 32. Rxb4 Rxb4 33. Rxf7 1-0